Statistics for Animals By Picture - Letter N

Click here to take the quiz!

General Stats

  • This quiz has been taken 220 times
  • The average score is 4 of 8

Answer Stats

Answer% Correct
Narwhal
90%
Newt
87%
Nautilus
56%
Nightingale
54%
Nurse Shark
47%
Numbat
40%
Nyala
31%
Nuthatch
25%

Score Distribution

Percentile by Number Answered

Percent of People with Each Score

Your Score History

You have not taken this quiz